000 01766cam a22004214a 4500
999 _c21383
_d21383
001 16008016
003 OSt
005 20200605122933.0
008 091030s2010 ii a b 100 0 eng
010 _a 2009305383
020 _a9788183873543
025 _aI-E-2009-305383; 63-91; 70-91
035 _a(OCoLC)ocn464166559
035 _a(OCoLC)464166559
037 _aLibrary of Congress -- New Delhi Overseas Office
_cRs1295.00
040 _aDKAGE
_beng
_coclc
_dDLC
041 0 _aeng
_ahin
042 _alccopycat
_alcode
043 _aa-ii---
050 0 0 _aHQ1236.5.I4
_bU33 2009
082 0 4 _a320.0820954
_222
_bKUM/W
100 _92530
_aKumari, Archana
111 2 _aUGC National Seminar on "Dimensions of Women Political Leadership"
_d(2009 :
_cR. N. College, Hajipur)
245 1 0 _aWomen political leadership in India :
_bsome important dimensions /
_c[edited by] Archana Kumari, R.K. Verma.
260 _aNew Delhi :
_bSerials Publications,
_c2010.
300 _a427 p. :
504 _aIncludes bibliographical references (p. [418]-427).
520 _aContributed articles presented at the National Seminar on "Dimensions of Women Political Leadership", held at R.N. College, Hajipur during 24-25 February 2009.
546 _aEnglish and Hindi.
650 0 _aWomen
_xGovernment policy
_zIndia
_vCongresses.
650 0 _aPanchayat
_zIndia
_vCongresses.
700 0 _aArchana Kumari.
700 1 _aVerma, R. K.,
_d1956-
710 2 _aRaj Narain College, Hajipur.
906 _a7
_bcbc
_ccopycat
_d3
_encip
_f20
_gy-gencatlg
942 _2ddc
_cBK
_h320.0820954
_iKUM/W
_k320.0820954
_mKUM/W